| 000 | 01732cam a22003497a 4500 | ||
|---|---|---|---|
| 001 | 15481507 | ||
| 005 | 20100820130552.0 | ||
| 008 | 081009s2008 nyua 001 0 eng d | ||
| 010 | _a 2008357078 | ||
| 020 | _a0071599886 (pbk.) | ||
| 020 | _a9780071599887 (pbk.) | ||
| 035 | _a(OCoLC)ocn232353833 | ||
| 040 |
_aYDXCP _cYDXCP _dBAKER _dIF9 _dBWX _dOCLCQ _dDLC |
||
| 042 | _alccopycat | ||
| 050 | 0 | 0 |
_aQA76.76.A65 _bD56 2008 |
| 082 | 0 | 0 |
_a005.3 _222 _bMAR |
| 100 | 1 |
_aDiMarzio, J. F. _927820 |
|
| 245 | 1 | 0 |
_aAndroid : _bA Programmer's Guide / _cJ.F. DiMarzio. |
| 260 |
_aNew York : _bMcGraw-Hill, 2008 _c2008. |
||
| 300 |
_axvi, 319 p. : _bill. ; _c23 cm. |
||
| 500 | _aIncludes index. | ||
| 630 | 0 | 0 |
_aAndroid (Electronic resource) _927821 |
| 650 | 0 |
_aApplication software _xDevelopment. _927822 |
|
| 650 | 0 |
_aMobile computing. _927823 |
|
| 653 |
_bCS _cNovember2011 |
||
| 856 | 4 | 1 |
_3Table of contents only _uhttp://www.loc.gov/catdir/toc/fy0904/2008357078.html |
| 942 |
_2ddc _cBB |
||
| 999 |
_c16240 _d16240 |
||